000
00242nam a2200085Ia 4500
008
170620s9999 xx 000 0 und d
100
_a
N.C.E.R.T
245
0
_a
Position Paper National Focus Group on- Gender Issues in Education
260
_b
New Delhi- NCERT
260
_c
2008
999
_c
25226
_d
25226